000 00636nam a2200241Ia 4500
003 OSt
005 20221007072142.0
006 a|||||r|||| 00| 0
007 ta
008 221006b |||||||| |||| 00| 0 eng d
024 _a15,651
037 _cTextual
040 _aFLL
_cFLL
_beng
041 _2eng
_aeng
082 _aX6, K7
100 _aDuesenberry J.S. Au.
_9690150
245 0 _aMoney and credit
_b impact and control
250 _a3rd
260 _aLondon
_bPrentice-hall, inc. London
_c1967
300 _a147p
_ccm.
942 _hX6, K7
_cTEXL
_2CC
999 _c1145319
_d1145319